Pokémon - Attacken von Omot in KA/PU - Statistiken

Allgemein
  • Dieses Quiz wurde 3 mal gespielt
  • Das Durchschnittsergebnis liegt bei 12 aus 56
Antwortstatistiken
Antwort % Korrekt
Tackle
100%
Giftpuder
67%
Käferbiss
67%
Käfertrutz
67%
Konfusion
67%
Matschbombe
67%
Psychokinese
67%
Psystrahl
67%
Schutzschild
67%
Ausdauer
33%
Blutsauger
33%
Bodycheck
33%
Energieball
33%
Erholung
33%
Fassade
33%
Hyperstrahl
33%
Käfergebrumm
33%
Kehrtwende
33%
Luftschnitt
33%
Schlafpuder
33%
Sonnentag
33%
Stachelspore
33%
Superschall
33%
Toxin
33%
Windschnitt
33%
Agilität
0%
Akrobatik
0%
Anfallen
0%
Anspringen
0%
Aussetzer
0%
Delegator
0%
Fähigkeitstausch
0%
Falterreigen
0%
Giftschock
0%
Giftspitzen
0%
Giftzahn
0%
Gigasauger
0%
Gigastoß
0%
Konfusstrahl
0%
Krabbelkracher
0%
Kreideschrei
0%
Morgengrauen
0%
Nachtnebel
0%
Notsituation
0%
Psycholärm
0%
Raub
0%
Risikotackle
0%
Säurespeier
0%
Schlafrede
0%
Schlammwoge
0%
Solarstrahl
0%
Stafette
0%
Sternschauer
0%
Tera-Ausbruch
0%
Wutpulver
0%
Zen-Kopfstoß
0%
Keine übereinstimmenden Quizze gefunden
Verteilung der Resultate
Anzahl Personen mit jedem Resultat
Perzentil nach korrekt beantworteten Fragen
Ihre Resultats-Entwicklung
Sie haben dieses Quiz noch nicht gespielt